Projekt programového vybavenia terminálovej učebne

Gespeichert in:
Bibliographische Detailangaben
Format: Buch
Sprache:Slowakisch
Veröffentlicht: Bratislava Vysoká škola ekonomická 1982
Tags: Tag hinzufügen
Keine Tags, Fügen Sie das erste Tag hinzu!

MARC

LEADER 00000nam a2200000 4500
001 c134800
005 20250520124302.5
041 0 |a slo 
044 |a SK 
245 1 0 |a Projekt programového vybavenia terminálovej učebne 
264 1 |a Bratislava  |b Vysoká škola ekonomická  |c 1982 
300 |a 101 s.